00679nam a2200229 a 450000100060000000300080000600500170001400800410003102000170007203500190008904000350010804100080014308200240015110000170017524500320019226000480022430000340027249000560030650000210036265000100038383000560039366694BD-RjUL20211209081552.0170319s1979 enka 001 0 eng d a071312475X : a(BD-RjUL)66825 aBD-RjULbengcBD-RjULdBD-RjUL aeng a579.8223bBOP 19791 aBoney, A. D.10aPhytoplankton /cA.D. Boney aLondon :bEdward Arnold,c[Reprinted 1979]. avii, 116 p. :bill. ;c23 cm.1 aInstitute of Biology's studies in biology ;vno. 52 aIncludes index. 0aAlgae 0aInstitute of Biology's studies in biology ;vno. 52